Corpus Iuris Civilis reconcinnatum (Record no. 153277)
[ view plain ]
| 000 -LEADER | |
|---|---|
| campo de control de longitud fija | 01133nam a22002415i 4500 |
| 001 - NÚMERO DE CONTROL | |
| campo de control | 153277 |
| 003 - IDENTIFICADOR DE NÚMERO DE CONTROL | |
| campo de control | ES-MaACL |
| 005 - FECHA Y HORA DE LA ÚLTIMA TRANSACCIÓN | |
| campo de control | 20250723060842.0 |
| 008 - DATOS DE LONGITUD FIJA--INFORMACIÓN GENERAL | |
| campo de control de longitud fija | 050805s1768 gw a | |||||||| ||lat d |
| 040 ## - FUENTE DE CATALOGACIÓN | |
| Centro catalogador/agencia de origen | CAM |
| Lengua de catalogación | spa |
| Centro/agencia transcriptor | CAM |
| 130 0# - ENTRADA PRINCIPAL--TÍTULO UNIFORME | |
| Título uniforme | Corpus juris civilis |
| 9 (RLIN) | 135269 |
| 245 10 - MENCIÓN DEL TÍTULO | |
| Título | Corpus Iuris Civilis reconcinnatum |
| Resto del título | : Speciatim D. Iustiniani ... Digestorum sive Pandectarum iuris enucleati ex omni vetere iure collecti, ordini institutionum subordinati libri quinquaginta / |
| Mención de responsabilidad, etc. | auctore Eusebio Begero ...; pars tertia. |
| 260 ## - PUBLICACIÓN, DISTRIBUCIÓN, ETC. | |
| Lugar de publicación, distribución, etc. | Francofurti et Lipsiae : |
| Nombre del editor, distribuidor, etc. | prostat ap. Aug. Leb. Stettin ..., |
| Fecha de publicación, distribución, etc. | 1768. |
| 300 ## - DESCRIPCIÓN FÍSICA | |
| Extensión | [16], 518, [2], 504, [6], [2] en bl. p. ; |
| Dimensiones | Fol. |
| 594 ## - Nota al título y mención de responsabilidad | |
| Nota al título y mención de responsabilidad | La "sectio posterior" de la pars tertia con portadilla propia. |
| 597 ## - NOTA DE DESCRIPCIÓN FÍSICA | |
| NOTA DE DESCRIPCIÓN FÍSICA | Sign.: []1, )p3, 2)(4, A-Z4, Aa-Zz4, Aaa-Ttt4; A-Z4, Aa-Zz4, Aaa-Sss4. |
| 597 ## - NOTA DE DESCRIPCIÓN FÍSICA | |
| NOTA DE DESCRIPCIÓN FÍSICA | Port. con viñeta xil. |
| 597 ## - NOTA DE DESCRIPCIÓN FÍSICA | |
| NOTA DE DESCRIPCIÓN FÍSICA | Texto a dos col. |
| 599 ## - NOTA A LAS ILUSTRACIONES | |
| NOTA A LAS ILUSTRACIONES | La h. []1 es una h. de grab. calc.: "J.A. Joninger fecit" |
| 700 1# - ENTRADA AGREGADA--NOMBRE PERSONAL | |
| Nombre de persona | Begero, Eusebio. |
| 9 (RLIN) | 125888 |
| 852 ## - LOCALIZACIÓN | |
| Ubicación | ES-MaACL |
| Número de control de estantería | R-1344-45 |
| Nota libre | -- Enc. pasta española |
| Encuadernación | -- Olim: G-15160-61 |
| Estatus retirado | Estado de pérdida | Estado de daño | No para préstamo | Colección | Biblioteca de origen | Biblioteca actual | Ubicación en estantería | Fecha de adquisición | Total de préstamos | Signatura topográfica completa | Código de barras | Visto por última vez | Precio de reemplazo | Tipo de ítem Koha |
|---|---|---|---|---|---|---|---|---|---|---|---|---|---|---|
| Libros del s. XVIII | Biblioteca del Ateneo de Madrid | Biblioteca del Ateneo de Madrid | Depósito | 17/01/2008 | R-1344-45 | 1160175 | 23/02/2023 | 23/02/2023 | Libro impreso antiguo |
